Terrorism : (Record no. 15603)

000 -LEADER
fixed length control field 02285cam a22003734a 4500
001 - CONTROL NUMBER
control field 16667566
005 - DATE AND TIME OF LATEST TRANSACTION
control field 20170105102921.0
008 - FIXED-LENGTH DATA ELEMENTS--GENERAL INFORMATION
fixed length control field 110225s2011 enka b 001 0 eng
010 ## - LIBRARY OF CONGRESS CONTROL NUMBER
LC control number 2011008063
015 ## - NATIONAL BIBLIOGRAPHY NUMBER
National bibliography number GBB0E7965
Source bnb
020 ## - INTERNATIONAL STANDARD BOOK NUMBER
International Standard Book Number 9780230221178 (hardback)
020 ## - INTERNATIONAL STANDARD BOOK NUMBER
International Standard Book Number 9780230221185 (pbk.)
035 ## - SYSTEM CONTROL NUMBER
System control number (OCoLC)ocn706803929
040 ## - CATALOGING SOURCE
Original cataloging agency DLC
Transcribing agency DLC
Modifying agency YDX
-- YDXCP
-- CDX
-- EQO
-- BTCTA
-- DEBBG
-- BWX
-- DLC
042 ## - AUTHENTICATION CODE
Authentication code pcc
050 00 - LIBRARY OF CONGRESS CALL NUMBER
Classification number HV6431
Item number .T4593 2011
082 00 - DEWEY DECIMAL CLASSIFICATION NUMBER
Classification number 363.325
Edition number 22
084 ## - OTHER CLASSIFICATION NUMBER
Classification number POL037000
-- POL033000
-- POL034000
Number source bisacsh
084 ## - OTHER CLASSIFICATION NUMBER
Classification number MD 8920
Number source rvk
245 00 - TITLE STATEMENT
Title Terrorism :
Remainder of title a critical introduction /
Statement of responsibility, etc. Richard Jackson... [et al.].
260 ## - PUBLICATION, DISTRIBUTION, ETC.
Place of publication, distribution, etc. Houndmills, Basingstoke, Hampshire ;
-- New York :
Name of publisher, distributor, etc. Palgrave Macmillan,
Date of publication, distribution, etc. 2011.
300 ## - PHYSICAL DESCRIPTION
Extent xv, 332 p. :
Other physical details ill. ;
Dimensions 24 cm.
504 ## - BIBLIOGRAPHY, ETC. NOTE
Bibliography, etc. note Includes bibliographical references and index.
505 8# - FORMATTED CONTENTS NOTE
Formatted contents note Machine generated contents note: -- Introduction -- PART I: THE STUDY OF POLITICAL TERRORISM -- The Orthodox Study of Terrorism -- Critical Approaches to Terrorism Studies -- The Cultural Construction of Terrorism -- Bringing Gender into the Study of Terrorism -- PART II: KEY ISSUES -- Conceptualizing Terrorism -- Reconsidering the Terrorism Threat -- Types of Terrorism -- Understanding State Terrorism -- The Causes of Non-State Terrorism -- Responding to Non-State Terrorism -- Assessing the War on Terror.
520 ## - SUMMARY, ETC.
Summary, etc. "Terrorism has a long history but the devastating attacks of 9/11 transformed what had been seen as a relatively minor security issue into one of major global significance. This incisive new text provides an accessible and balanced assessment of political terror and its study and in the process rethinks many assumptions"--
650 #0 - SUBJECT ADDED ENTRY--TOPICAL TERM
Topical term or geographic name entry element Terrorism.
655 #4 - INDEX TERM--GENRE/FORM
Genre/form data or focus term Lehrbuch.
700 1# - ADDED ENTRY--PERSONAL NAME
Personal name Jackson, Richard,
Dates associated with a name 1967-
856 42 - ELECTRONIC LOCATION AND ACCESS
Materials specified Cover image
Uniform Resource Identifier <a href="http://www.netread.com/jcusers/1388/2318275/image/lgcover.9780230221185.jpg">http://www.netread.com/jcusers/1388/2318275/image/lgcover.9780230221185.jpg</a>
856 ## - ELECTRONIC LOCATION AND ACCESS
Uniform Resource Identifier <a href="http://bvbr.bib-bvb.de:8991/F?func=service&doc_library=BVB01&doc_number=022519002&line_number=0001&func_code=DB_RECORDS&service_type=MEDIA">http://bvbr.bib-bvb.de:8991/F?func=service&doc_library=BVB01&doc_number=022519002&line_number=0001&func_code=DB_RECORDS&service_type=MEDIA</a>
Public note Inhaltsverzeichnis
906 ## - LOCAL DATA ELEMENT F, LDF (RLIN)
a 7
b cbc
c orignew
d 1
e ecip
f 20
g y-gencatlg
942 ## - ADDED ENTRY ELEMENTS (KOHA)
Source of classification or shelving scheme
Koha item type Book
Holdings
Withdrawn status Lost status Damaged status Not for loan Collection code Permanent Location Current Location Shelving location Date acquired Total Checkouts Total Renewals Full call number Barcode Date last seen Date last checked out Price effective from Koha item type
          Centre for International Peace & Stability (CIPS) Centre for International Peace & Stability (CIPS) General Stacks 09/30/2013 1 1 363.325 TER 2011 CIPS0001500 02/03/2026 10/17/2025 12/06/2013 Book
© 2023 Central Library, National University of Sciences and Technology. All Rights Reserved.